| 000 | 00384nam a2200133 a 4500 | ||
|---|---|---|---|
| 001 | 000040603 | ||
| 005 | 20201002034238.0 | ||
| 008 | 130903s2001 dr 000 0 spa d | ||
| 040 |
_aDO-SdBNP _bspa _cBNPHU |
||
| 110 | 2 |
_aInstituto de Contadores Públicos _966941 |
|
| 245 | 1 | 0 | _aCódigo de ética del profesional. |
| 260 |
_aSanto Domingo : _bICPARD, _c2001. |
||
| 300 |
_a55 p. ; _c21 cm. |
||
| 999 |
_c40093 _d40093 |
||